Största städerna på D i Asien, enligt bild - Statistics

General Stats
  • This quiz has been taken 2 times
  • The average score is 12 of 20
Answer Stats
Picture Hint Answer % Correct
🇸🇾 1 410 000 Damaskus
100%
🇮🇳 16 350 000 Delhi
100%
🇧🇩 6 970 000 Ḍhaka
100%
🇶🇦 870 000 Doha
100%
🇦🇪 3 290 000 Dubai
100%
🇰🇷 2 150 000 Daegu
50%
🇰🇷 1 490 000 Daejeon
50%
🇨🇳 4 910 000 Dàlián
50%
🇸🇦 1 390 000 Dammam
50%
🇻🇳 990 000 Đà Nẵng
50%
🇨🇳 1 600 000 Dàqìng
50%
🇨🇳 1 810 000 Dàtóng
50%
🇵🇭 1 580 000 Davao
50%
🇨🇳 1 140 000 Dázhōu
50%
🇮🇩 1 740 000 Depok
50%
🇮🇳 1 200 000 Dhanbād
50%
🇹🇷 1 090 000 Diyarbakır
50%
🇨🇳 9 640 000 Dōngguān
50%
🇹🇯 860 000 Dusjanbe
50%
🇨🇳 960 000 Dōngyíng
0%
No matching quizzes found
Score Distribution
Percent of People with Each Score
Percentile by Number Answered
Your Score History
You have not taken this quiz